[Event "DOM-ch"]
[Site "Santo Domingo"]
[Date "2017.04.29"]
[Round "6"]
[White "De Jesus Rosa, Michel"]
[Black "Alvarado Sepulveda, Nelson D"]
[Result "1/2-1/2"]
[WhiteElo "2045"]
[BlackElo "2210"]
[PlyCount "76"]
[EventDate "2017.04.21"]
[EventType "swiss"]
[EventRounds "11"]
[EventCountry "DOM"]
[SourceTitle "CBM 178 Extra"]
[Source "ChessBase"]
[SourceDate "2017.06.22"]
[SourceVersion "1"]
[SourceVersionDate "2017.06.22"]
[SourceQuality "1"]

1. c4 c5 2. g3 Nc6 3. Bg2 g6 4. Nf3 Bg7 5. 0-0 e6 6. Nc3 Nge7 7. e3 d5 8. cxd5 exd5 9. d4 cxd4 10. Nxd4 0-0 11. Nce2 Nxd4 12. Nxd4 Nc6 13. Nb3 Ne7 14. Qe2 Qb6 15. Rd1 Be6 16. Bd2 Rac8 17. Ba5 Qd6 18. Nd4 Bd7 19. a3 Rfe8 20. Bb4 Qb6 21. Qd2 Nf5 22. Nxf5 Bxf5 23. Rac1 d4 24. Rxc8 Rxc8 25. exd4 Bxd4 26. Qe2 h5 27. h3 a5 28. Bxa5 Bxf2+ 29. Qxf2 Qxa5 30. Rd2 Qc7 31. Qe3 Be6 32. h4 b5 33. Kh2 Kh7 34. Rf2 Qd6 35. Rd2 Qc7 36. Rf2 Rd8 37. Rd2 Qc8 38. Re2 Qa6 1/2-1/2

[Event "DOM-ch"]
[Site "Santo Domingo"]
[Date "2016.04.09"]
[Round "6"]
[White "Dominguez, Jose Manuel"]
[Black "Alvarado Sepulveda, Nelson D"]
[Result "1-0"]
[WhiteElo "2244"]
[BlackElo "2196"]
[PlyCount "109"]
[EventDate "2016.04.01"]
[EventType "swiss"]
[EventRounds "11"]
[EventCountry "DOM"]
[SourceTitle "CBM 171 Extra"]
[Source "ChessBase"]
[SourceDate "2016.04.26"]
[SourceVersion "1"]
[SourceVersionDate "2016.04.26"]
[SourceQuality "1"]

1. e4 c5 2. Nf3 Nc6 3. d3 g6 4. Be2 Bg7 5. 0-0 Nf6 6. h3 0-0 7. c3 Qc7 8. Bg5 h6 9. Be3 b6 10. Qc1 Kh7 11. Bf4 e5 12. Bh2 Bb7 13. Na3 Rac8 14. Nb5 Qb8 15. a4 a6 16. Na3 d5 17. Qb1 Rce8 18. Re1 Qd8 19. Bf1 Nh5 20. Qd1 Nf4 21. Qb3 Nxd3 22. Bxd3 c4 23. Bxc4 Na5 24. Qa2 dxc4 25. Nxc4 Nxc4 26. Qxc4 Qe7 27. Rad1 Rd8 28. Rxd8 Rxd8 29. Qb3 Qc7 30. Bg3 f6 31. Nd4 Bc8 32. Ne6 Bxe6 33. Qxe6 Rd6 34. Qb3 g5 35. f3 Bf8 36. Rd1 Rxd1+ 37. Qxd1 Bc5+ 38. Kh2 Be3 39. Be1 h5 40. Qd3 Qc5 41. b4 Bf4+ 42. g3 Qe3 43. Qxe3 Bxe3 44. Kg2 b5 45. a5 Kg6 46. Kf1 Kf7 47. Ke2 Ba7 48. Bf2 Bb8 49. Kd3 Ke6 50. c4 bxc4+ 51. Kxc4 f5 52. g4 fxg4 53. fxg4 hxg4 54. hxg4 Kd6 55. b5 1-0

[Event "DOM-ch"]
[Site "Santo Domingo"]
[Date "2016.04.02"]
[Round "2"]
[White "Reynoso Henriquez, Juan Bautista"]
[Black "Alvarado Sepulveda, Nelson D"]
[Result "0-1"]
[WhiteElo "2064"]
[BlackElo "2196"]
[PlyCount "118"]
[EventDate "2016.04.01"]
[EventType "swiss"]
[EventRounds "11"]
[EventCountry "DOM"]
[SourceTitle "CBM 171 Extra"]
[Source "ChessBase"]
[SourceDate "2016.04.26"]
[SourceVersion "1"]
[SourceVersionDate "2016.04.26"]
[SourceQuality "1"]

1. e4 c5 2. Nf3 Nc6 3. d4 cxd4 4. Nxd4 Nf6 5. Nc3 e5 6. Ndb5 d6 7. Bg5 a6 8. Na3 b5 9. Nd5 Be7 10. Bxf6 Bxf6 11. c3 0-0 12. Nc2 Bg5 13. Be2 Ne7 14. 0-0 Be6 15. Ncb4 a5 16. Nxe7+ Qxe7 17. Nd5 Qb7 18. Qd3 Bxd5 19. exd5 b4 20. Qf5 Bd8 21. c4 Bb6 22. Bd3 g6 23. Qf6 Qd7 24. Kh1 Bd8 25. Qf3 f5 26. Bc2 Bf6 27. Qe3 e4 28. Rab1 a4 29. Rfe1 Rfe8 30. b3 a3 31. f3 Bc3 32. Re2 exf3 33. Qxf3 Rxe2 34. Qxe2 Re8 35. Qf2 Qe7 36. Bd3 Kg7 37. g3 Qe3 38. Qxe3 Rxe3 39. Rd1 Kf6 40. Kg2 Ke5 41. h3 h5 42. c5 dxc5 43. d6 Kxd6 44. Bxf5+ Bd4 45. Bd3 g5 46. Bc4 Ke5 47. h4 g4 48. Rd2 Kf6 49. Rf2+ Kg6 50. Bf7+ Kh6 51. Bc4 Be5 52. Re2 Rxg3+ 53. Kf2 Rf3+ 54. Kg2 Bf6 55. Re6 Kg7 56. Rc6 Bxh4 57. Rxc5 Rf2+ 58. Kg1 Rxa2 59. Rxh5 Bf6 0-1

[Event "DOM-ch"]
[Site "Santo Domingo"]
[Date "2016.04.01"]
[Round "1"]
[White "Alvarado Sepulveda, Nelson D"]
[Black "Moore Guzman, Fernando Augusto"]
[Result "1-0"]
[WhiteElo "2196"]
[BlackElo "2011"]
[PlyCount "77"]
[EventDate "2016.04.01"]
[EventType "swiss"]
[EventRounds "11"]
[EventCountry "DOM"]
[SourceTitle "CBM 171 Extra"]
[Source "ChessBase"]
[SourceDate "2016.04.26"]
[SourceVersion "1"]
[SourceVersionDate "2016.04.26"]
[SourceQuality "1"]

1. e4 c6 2. d4 e5 3. dxe5 Qa5+ 4. Nc3 Qxe5 5. Nf3 Qc7 6. Bc4 h6 7. 0-0 d6 8. Bf4 Be6 9. Qd3 Nd7 10. Bxe6 fxe6 11. e5 Nxe5 12. Bxe5 dxe5 13. Rfe1 Bd6 14. Qc4 0-0-0 15. Qxe6+ Kb8 16. Ne4 Nf6 17. Nxd6 Rxd6 18. Qxe5 Rhd8 19. h3 g5 20. c4 Nh5 21. c5 Rd5 22. Qxc7+ Kxc7 23. b4 Nf4 24. Re7+ R8d7 25. Rae1 Nd3 26. R1e4 a5 27. a3 axb4 28. axb4 b6 29. Rxd7+ Rxd7 30. cxb6+ Kxb6 31. h4 gxh4 32. Rxh4 Rd6 33. Kf1 Kb5 34. Nd4+ Ka4 35. b5 Rf6 36. bxc6 Rxf2+ 37. Kg1 Ka5 38. Rh3 Rd2 39. Nb3+ 1-0

[Event "Santo Domingo Duarte Memorial 5th"]
[Site "Santo Domingo"]
[Date "2016.01.16"]
[Round "7"]
[White "Pena Perez, Luis Eduardo"]
[Black "Alvarado Sepulveda, Nelson D"]
[Result "1/2-1/2"]
[WhiteElo "2053"]
[BlackElo "2205"]
[PlyCount "109"]
[EventDate "2016.01.08"]
[EventType "swiss"]
[EventRounds "8"]
[EventCountry "DOM"]
[SourceTitle "CBM 170 Extra"]
[Source "ChessBase"]
[SourceDate "2016.02.25"]
[SourceVersion "1"]
[SourceVersionDate "2016.02.25"]
[SourceQuality "1"]

1. d4 d5 2. c4 c6 3. Nf3 Nf6 4. cxd5 cxd5 5. Nc3 Nc6 6. Bf4 e6 7. e3 Bd6 8. Bd3 0-0 9. 0-0 h6 10. Rc1 a6 11. Bb1 Qc7 12. Qd2 Bd7 13. Rfd1 Rac8 14. a3 Qb8 15. Bxd6 Qxd6 16. e4 dxe4 17. Nxe4 Nxe4 18. Bxe4 Rfd8 19. Qe1 Qf4 20. Qe3 Qf6 21. h3 Be8 22. Bxc6 Bxc6 23. Ne5 Bd5 24. Rxc8 Rxc8 25. Rc1 Qd8 26. Rxc8 Qxc8 27. Qc3 Qd8 28. Qe3 Qe8 29. Qf4 f6 30. Ng4 Qc6 31. b4 Bxg2 32. Qg3 Bf3 33. Kh2 Bxg4 34. hxg4 Qe4 35. Qb8+ Kh7 36. Kg3 e5 37. f3 Qe1+ 38. Kg2 Qe2+ 39. Kg3 exd4 40. Qxb7 d3 41. Qd7 Qe5+ 42. Kg2 Qe2+ 43. Kg3 Qe1+ 44. Kg2 Qd2+ 45. Kg3 h5 46. Qf5+ g6 47. Qxf6 Qe1+ 48. Kg2 d2 49. Qf7+ Kh6 50. Qf4+ Kg7 51. Qd4+ Kf7 52. Qd7+ Kf6 53. Qd6+ Kg7 54. Qc7+ Kf6 55. Qd6+ 1/2-1/2

[Event "Santo Domingo Duarte Memorial 5th"]
[Site "Santo Domingo"]
[Date "2016.01.15"]
[Round "5"]
[White "Alvarado Sepulveda, Nelson D"]
[Black "Jaquez, Juan Manuel"]
[Result "1/2-1/2"]
[WhiteElo "2205"]
[BlackElo "2180"]
[PlyCount "57"]
[EventDate "2016.01.08"]
[EventType "swiss"]
[EventRounds "8"]
[EventCountry "DOM"]
[SourceTitle "CBM 170 Extra"]
[Source "ChessBase"]
[SourceDate "2016.02.25"]
[SourceVersion "1"]
[SourceVersionDate "2016.02.25"]
[SourceQuality "1"]

1. e4 e6 2. d4 d5 3. e5 c5 4. c3 Nc6 5. Nf3 Qb6 6. Bd3 cxd4 7. cxd4 Bd7 8. Nc3 Nxd4 9. Nxd4 Qxd4 10. 0-0 Ne7 11. Nb5 Qxe5 12. Re1 Qb8 13. Qf3 Bxb5 14. Bxb5+ Nc6 15. Qxd5 Qd6 16. Qe4 Rc8 17. Be3 a6 18. Rad1 Qc7 19. Bf4 Qb6 20. Bc4 Be7 21. Bxe6 fxe6 22. Qxe6 Rd8 23. Bd6 Rxd6 24. Rxd6 Qc7 25. Red1 Rf8 26. h3 Rf6 27. Qg8+ Rf8 28. Qe6 Rf6 29. Qg8+ 1/2-1/2

[Event "DOM-ch"]
[Site "Santo Domingo"]
[Date "2015.05.17"]
[Round "11"]
[White "Alvarado Sepulveda, Nelson D"]
[Black "Puntier Andujar, Fausto Jiovanny"]
[Result "1/2-1/2"]
[WhiteElo "2202"]
[BlackElo "2143"]
[PlyCount "123"]
[EventDate "2015.05.01"]
[EventType "swiss"]
[EventRounds "11"]
[EventCountry "DOM"]
[SourceTitle "CBM 166 Extra"]
[Source "ChessBase"]
[SourceDate "2015.06.18"]
[SourceVersion "1"]
[SourceVersionDate "2015.06.18"]
[SourceQuality "1"]

1. e4 e6 2. d4 d5 3. e5 c5 4. c3 Qb6 5. Nf3 Bd7 6. Bd3 Bb5 7. 0-0 Bxd3 8. Qxd3 Nd7 9. Nbd2 cxd4 10. cxd4 Ne7 11. b4 Nc6 12. a3 Be7 13. Nb3 0-0 14. Bd2 a6 15. Nc5 Nxc5 16. dxc5 Qc7 17. Rfe1 b6 18. cxb6 Qxb6 19. Rac1 Rfc8 20. Rc2 a5 21. Rec1 axb4 22. axb4 Bd8 23. h3 Qb7 24. Rb1 Bb6 25. b5 Ne7 26. Rxc8+ Rxc8 27. Be3 Bxe3 28. Qxe3 h6 29. Qa3 Rc4 30. Qa6 Qxa6 31. bxa6 Ra4 32. Rb8+ Kh7 33. Rb7 Nc6 34. Rxf7 Rxa6 35. Rc7 Kg6 36. g4 Na5 37. Kg2 Nc4 38. Kg3 Kh7 39. Re7 Kg8 40. h4 Kf8 41. Rc7 Ra3 42. Kf4 Ra4 43. Nd4 Nb2 44. Ke3 Nd1+ 45. Kf3 Rxd4 46. g5 hxg5 47. hxg5 Rc4 48. Ra7 Re4 49. g6 Rxe5 50. Rf7+ Ke8 51. Rxg7 Nxf2 52. Kxf2 Rg5 53. Ke3 Kf8 54. Rf7+ Kg8 55. Rf6 e5 56. Rd6 d4+ 57. Ke4 Kg7 58. Rb6 Rxg6 59. Rb7+ Kf6 60. Rb6+ Kg5 61. Rb1 Re6 62. Rf1 1/2-1/2

[Event "DOM-ch"]
[Site "Santo Domingo"]
[Date "2015.05.08"]
[Round "5"]
[White "Alvarado Sepulveda, Nelson D"]
[Black "Guzman, Christopher"]
[Result "0-1"]
[WhiteElo "2202"]
[BlackElo "2197"]
[PlyCount "114"]
[EventDate "2015.05.01"]
[EventType "swiss"]
[EventRounds "11"]
[EventCountry "DOM"]
[SourceTitle "CBM 166 Extra"]
[Source "ChessBase"]
[SourceDate "2015.06.18"]
[SourceVersion "1"]
[SourceVersionDate "2015.06.18"]
[SourceQuality "1"]

1. e4 c5 2. c3 Nf6 3. e5 Nd5 4. d4 cxd4 5. Nf3 e6 6. cxd4 b6 7. Nc3 Bb7 8. Bd3 Nxc3 9. bxc3 Qc7 10. Bd2 d6 11. 0-0 Nd7 12. Qe2 Be7 13. Rfe1 dxe5 14. dxe5 0-0 15. Nd4 Rfd8 16. Qh5 g6 17. Qh3 Nc5 18. Bc2 Rd5 19. Qg3 Qd8 20. Qg4 Qc7 21. Qg3 Bf8 22. h4 h5 23. Bf4 a6 24. Re3 Bg7 25. Rae1 Rad8 26. Bd1 b5 27. Bxh5 b4 28. Bf3 R5d7 29. Bg5 Rc8 30. cxb4 Rxd4 31. bxc5 Bxf3 32. Rxf3 Qxc5 33. h5 Qb4 34. Rfe3 Rg4 35. Be7 Qxe1+ 36. Rxe1 Rxg3 37. fxg3 gxh5 38. Re4 Rc2 39. a3 Kh7 40. Bd6 Kg6 41. g4 h4 42. Be7 Rc3 43. a4 h3 44. gxh3 Rxh3 45. Kg2 Rd3 46. Bd6 Rd5 47. Kf3 Bh6 48. Rc4 f5 49. Rc6 fxg4+ 50. Kg2 Kf5 51. Rxa6 Rd2+ 52. Kf1 Be3 53. Ra8 g3 54. Rg8 Rf2+ 55. Kg1 Rd2+ 56. Kf1 Bf2 57. Rf8+ Ke4 0-1

[Event "DOM-ch"]
[Site "Santo Domingo"]
[Date "2015.05.01"]
[Round "1"]
[White "Alvarado Sepulveda, Nelson D"]
[Black "Jaquez, Juan Manuel"]
[Result "1/2-1/2"]
[WhiteElo "2202"]
[BlackElo "2084"]
[PlyCount "92"]
[EventDate "2015.05.01"]
[EventType "swiss"]
[EventRounds "11"]
[EventCountry "DOM"]
[SourceTitle "CBM 166 Extra"]
[Source "ChessBase"]
[SourceDate "2015.06.18"]
[SourceVersion "1"]
[SourceVersionDate "2015.06.18"]
[SourceQuality "1"]

1. e4 e6 2. d4 d5 3. e5 c5 4. c3 Nc6 5. Nf3 Bd7 6. dxc5 Bxc5 7. Bd3 Nge7 8. 0-0 Ng6 9. Qe2 0-0 10. h4 f5 11. g3 Bb6 12. h5 Nh8 13. Kg2 Nf7 14. Bf4 Rc8 15. Na3 a6 16. Nc2 Qe8 17. Rad1 Bd8 18. Qe3 Na5 19. Ncd4 Nc4 20. Qc1 Be7 21. Bxf5 exf5 22. e6 Bc6 23. exf7+ Qxf7 24. h6 g6 25. Rfe1 Bf6 26. b3 Nb6 27. Ne5 Bxe5 28. Bxe5 Rfe8 29. Qg5 Nd7 30. Bg7 Nc5 31. f3 Ne6 32. Nxe6 Rxe6 33. Rxe6 Qxe6 34. Rd2 Re8 35. Bd4 Qe7 36. Qxe7 Rxe7 37. f4 Re4 38. Kf2 Kf7 39. a4 Ke6 40. Be3 Kf7 41. Rd1 Ke6 42. Rg1 Kf7 43. Rd1 Ke7 44. Bc5+ Kf7 45. Be3 Kf8 46. Rg1 Kf7 1/2-1/2

[Event "Santo Domingo op"]
[Site "Santo Domingo"]
[Date "2005.11.27"]
[Round "4"]
[White "Lagerman, Robert"]
[Black "Alvarado Sepulveda, Nelson D"]
[Result "0-1"]
[WhiteElo "2361"]
[BlackElo "2281"]
[PlyCount "46"]
[EventDate "2005.11.24"]
[EventType "swiss"]
[EventRounds "9"]
[EventCountry "DOM"]
[SourceTitle "CBM 109 Extra"]
[Source "ChessBase"]
[SourceDate "2006.01.03"]
[SourceVersion "2"]
[SourceVersionDate "2006.01.03"]
[SourceQuality "1"]

1. e4 c5 2. Nf3 Nc6 3. d4 cxd4 4. Nxd4 Nf6 5. Nc3 e5 6. Ndb5 d6 7. Nd5 Nxd5 8. exd5 Nb8 9. Qf3 a6 10. Qa3 Be7 11. Bd2 0-0 12. Bb4 axb5 13. Qxa8 Na6 14. Bd2 Bg5 15. Bxg5 Qxg5 16. Qa7 Nb4 17. Kd1 Bg4+ 18. f3 Bf5 19. Rc1 Nxd5 20. Qf2 Ne3+ 21. Ke2 Nxc2 22. Rd1 Be6 23. b3 Ra8 0-1

[Event "Los Inmortales op"]
[Site "Los Inmortales"]
[Date "2004.11.??"]
[Round "8"]
[White "Alvarado Sepulveda, Nelson D"]
[Black "Araque, Rafael"]
[Result "1-0"]
[WhiteElo "2254"]
[BlackElo "2332"]
[PlyCount "49"]
[EventDate "2004.11.22"]
[EventType "swiss"]
[EventRounds "9"]
[EventCountry "DOM"]
[SourceTitle "CBM 103 Extra"]
[Source "ChessBase"]
[SourceDate "2005.01.01"]
[SourceVersion "1"]
[SourceVersionDate "2005.01.01"]
[SourceQuality "1"]

1. e4 d5 2. exd5 Qxd5 3. d4 Nc6 4. Nf3 Bg4 5. Be2 0-0-0 6. c3 Nf6 7. 0-0 e6 8. Nbd2 h6 9. b4 g5 10. Bb2 Bg7 11. b5 Ne7 12. Ne5 Bxe2 13. Qxe2 Rdf8 14. c4 Qd6 15. a4 Kb8 16. Nb3 Ne8 17. Ba3 Qd8 18. Rfd1 Nd6 19. c5 Ndf5 20. c6 b6 21. Nd7+ Ka8 22. a5 Nd5 23. axb6 cxb6 24. Bxf8 Bxf8 25. Rxa7+ 1-0

[Event "Olympiad-36"]
[Site "Mallorca"]
[Date "2004.10.23"]
[Round "8"]
[White "Alvarado Sepulveda, Nelson D"]
[Black "Seitaj, Ilir"]
[Result "0-1"]
[WhiteElo "2290"]
[BlackElo "2398"]
[PlyCount "90"]
[EventDate "2004.10.15"]
[EventType "team-swiss"]
[EventRounds "14"]
[EventCountry "ESP"]
[SourceTitle "CBM 104"]
[Source "ChessBase"]
[SourceDate "2005.01.27"]
[SourceVersion "1"]
[SourceVersionDate "2005.01.27"]
[SourceQuality "1"]
[WhiteTeam "Dominican Rep"]
[BlackTeam "Albania"]
[WhiteTeamCountry "DOM"]
[BlackTeamCountry "ALB"]

1. e4 e6 2. d4 d5 3. e5 c5 4. c3 Nc6 5. Nf3 Qb6 6. Bd3 Bd7 7. dxc5 Bxc5 8. 0-0 a5 9. Nbd2 a4 10. Rb1 Qa7 11. b4 axb3 12. axb3 Nge7 13. b4 Bb6 14. c4 Bc7 15. Qe2 Qb8 16. Re1 Ra4 17. b5 Nb4 18. c5 Ng6 19. b6 Nf4 20. Qe3 Nfxd3 21. bxc7 Qxc7 22. Rd1 Qxc5 23. Nb3 Qxe3 24. Bxe3 Bc6 25. Bc5 Nf4 26. Nbd4 Nfd3 27. Bd6 Kd7 28. Rb3 f6 29. Kf1 Rha8 30. Rbxd3 Nxd3 31. Rxd3 Ra1+ 32. Ke2 R8a2+ 33. Ke3 Rf1 34. Rd2 Rxd2 35. Nxd2 fxe5 36. Bxe5 Re1+ 37. Kf4 g5+ 38. Kxg5 Rxe5+ 39. Kf6 Rh5 40. N2f3 Kd6 41. g3 Bd7 42. Nh4 e5 43. Nc2 d4 44. f4 d3 45. Ne3 exf4 0-1

[Event "Olympiad-36"]
[Site "Mallorca"]
[Date "2004.10.19"]
[Round "5"]
[White "Alzate, Dario"]
[Black "Alvarado Sepulveda, Nelson D"]
[Result "1-0"]
[WhiteElo "2427"]
[BlackElo "2290"]
[PlyCount "75"]
[EventDate "2004.10.15"]
[EventType "team-swiss"]
[EventRounds "14"]
[EventCountry "ESP"]
[SourceTitle "CBM 104"]
[Source "ChessBase"]
[SourceDate "2005.01.27"]
[SourceVersion "1"]
[SourceVersionDate "2005.01.27"]
[SourceQuality "1"]
[WhiteTeam "Columbia"]
[BlackTeam "Dominican Rep"]
[WhiteTeamCountry "COL"]
[BlackTeamCountry "DOM"]

1. d4 d5 2. c4 c6 3. Nc3 Nf6 4. Nf3 dxc4 5. a4 Bf5 6. Ne5 e6 7. f3 Bb4 8. e4 Bxe4 9. fxe4 Nxe4 10. Bd2 Qxd4 11. Nxe4 Qxe4+ 12. Qe2 Bxd2+ 13. Kxd2 Qd4+ 14. Kc2 Na6 15. Nxc4 0-0-0 16. Qe5 Nb4+ 17. Kb3 c5 18. Qxd4 Rxd4 19. Be2 Rhd8 20. Rad1 Nc6 21. Kc3 e5 22. Rhf1 f5 23. b3 g6 24. Rde1 e4 25. g4 Ne7 26. gxf5 gxf5 27. Ne3 Kc7 28. Bc4 Rf8 29. Rf4 Kd6 30. Ref1 Ke5 31. Ng4+ Kd6 32. Kc2 h5 33. Ne3 Ke5 34. h4 Rd6 35. Be2 Rh6 36. Nc4+ Kd5 37. Rd1+ Kc6 38. Ne5+ 1-0

[Event "Olympiad-36"]
[Site "Mallorca"]
[Date "2004.10.15"]
[Round "1"]
[White "Novikov, Igor A"]
[Black "Alvarado Sepulveda, Nelson D"]
[Result "1-0"]
[WhiteElo "2588"]
[BlackElo "2290"]
[PlyCount "73"]
[EventDate "2004.10.15"]
[EventType "team-swiss"]
[EventRounds "14"]
[EventCountry "ESP"]
[SourceTitle "CBM 104"]
[Source "ChessBase"]
[SourceDate "2005.01.27"]
[SourceVersion "1"]
[SourceVersionDate "2005.01.27"]
[SourceQuality "1"]
[WhiteTeam "United States"]
[BlackTeam "Dominican Rep"]
[WhiteTeamCountry "USA"]
[BlackTeamCountry "DOM"]

1. d4 d6 2. e4 Nf6 3. f3 g6 4. c4 Bg7 5. Nc3 0-0 6. Bg5 c6 7. Qd2 Re8 8. Nge2 Nbd7 9. Ng3 Qa5 10. Be2 a6 11. a3 e5 12. d5 cxd5 13. cxd5 b5 14. 0-0 Bb7 15. Be3 Rec8 16. b4 Qd8 17. a4 bxa4 18. Nxa4 Ne8 19. Nb2 Nc7 20. Nc4 Nb5 21. Na5 Qc7 22. Rfc1 Qb8 23. Bxb5 axb5 24. Ra2 Bf6 25. Rac2 Rxc2 26. Qxc2 Bd8 27. Nc6 Bxc6 28. dxc6 Bb6 29. Nf1 Bxe3+ 30. Nxe3 Nb6 31. h3 Qa7 32. Kh2 Qa3 33. Qd2 h5 34. c7 Rc8 35. Rc6 Na8 36. Nd5 Kg7 37. Qg5 1-0

[Event "Decameron"]
[Site "Decameron"]
[Date "2003.12.10"]
[Round "9"]
[White "Campora, Daniel Hugo"]
[Black "Alvarado Sepulveda, Nelson D"]
[Result "1-0"]
[WhiteElo "2503"]
[BlackElo "2318"]
[PlyCount "77"]
[EventDate "2003.12.06"]
[EventType "tourn"]
[EventRounds "9"]
[EventCountry "DOM"]
[EventCategory "9"]
[SourceTitle "CBM 099"]
[Source "ChessBase"]
[SourceDate "2004.03.30"]
[SourceVersion "1"]
[SourceVersionDate "2004.03.30"]
[SourceQuality "1"]

1. e4 d6 2. d4 Nf6 3. Nc3 g6 4. Bg5 Bg7 5. e5 Nfd7 6. f4 0-0 7. Nf3 f6 8. exf6 exf6 9. Bh4 Nb6 10. Be2 Nc6 11. d5 Ne7 12. 0-0 Kh8 13. Qd2 Bd7 14. Rad1 Qe8 15. Rfe1 Qf7 16. Bf2 Rae8 17. h3 h6 18. b3 g5 19. Bxb6 axb6 20. Nd4 Nxd5 21. Bc4 c6 22. Bxd5 cxd5 23. f5 Re5 24. g4 Rfe8 25. a4 Bf8 26. Re2 Be7 27. Rde1 Bd8 28. Ncb5 Qe7 29. Kf2 Re4 30. Nc3 Rxe2+ 31. Rxe2 Qf7 32. Rxe8+ Qxe8 33. Qe3 Qf7 34. b4 h5 35. b5 Qh7 36. Kg2 hxg4 37. hxg4 Kg8 38. Nxd5 Qf7 39. c4 1-0

[Event "Decameron"]
[Site "Decameron"]
[Date "2003.12.09"]
[Round "7"]
[White "De la Paz Perdomo, Frank"]
[Black "Alvarado Sepulveda, Nelson D"]
[Result "1-0"]
[WhiteElo "2427"]
[BlackElo "2318"]
[PlyCount "111"]
[EventDate "2003.12.06"]
[EventType "tourn"]
[EventRounds "9"]
[EventCountry "DOM"]
[EventCategory "9"]
[SourceTitle "CBM 099"]
[Source "ChessBase"]
[SourceDate "2004.03.30"]
[SourceVersion "1"]
[SourceVersionDate "2004.03.30"]
[SourceQuality "1"]

1. e4 c5 2. Nf3 Nc6 3. Bb5 g6 4. 0-0 Bg7 5. Re1 e5 6. c3 Nge7 7. d4 cxd4 8. cxd4 exd4 9. Bg5 h6 10. Bf4 d6 11. Nxd4 0-0 12. Bxc6 bxc6 13. Nc3 d5 14. exd5 cxd5 15. Qd2 Kh7 16. Be5 Bb7 17. Rad1 Ng8 18. Bxg7 Kxg7 19. Na4 Qd6 20. b4 Rae8 21. Nc5 Bc8 22. Nb5 Qb8 23. Qd4+ Kh7 24. Rxe8 Rxe8 25. Nc3 Be6 26. Nxd5 Bxd5 27. Qxd5 Re7 28. Qd4 Qe8 29. h3 Re2 30. a4 Ra2 31. a5 Qe2 32. Nd7 h5 33. h4 Qe7 34. Ne5 Re2 35. Nd7 a6 36. g3 Re6 37. Nc5 Re2 38. Qd6 Re1+ 39. Kg2 Rxd1 40. Qxd1 Nf6 41. Qf3 Ng4 42. Nxa6 Ne5 43. Qe4 f5 44. Qd5 f4 45. gxf4 Ng4 46. f5 Qxh4 47. Qf7+ Kh8 48. Qf8+ Kh7 49. fxg6+ Kxg6 50. Qf4 Qd8 51. Nc5 Nf6 52. Qg5+ Kf7 53. Qg7+ Ke8 54. Qh8+ Ke7 55. Qxd8+ Kxd8 56. b5 1-0